Literatura iv : las cosmovisiones mítica, épica y la mirada trágica /

Guardado en:
Autor Principal: Avendaño, Fernando
Formato: Libro
Publicado: Buenos Aires : Santillana, 2015
Series:Saberes clave
Materias:
Etiquetas: Agregar Etiqueta
Sin Etiquetas, Sea el primero en etiquetar este registro!
LEADER 01478nam a22003135a 4500
001 CEM.cems014635
005 20190516114401.0
008 130507s2015##################000#0#####d
003 CEMS
020 |a 9789504622697 
082 0 4 |a 468 
100 1 |a Avendaño, Fernando 
245 1 0 |a Literatura iv :  |b las cosmovisiones mítica, épica y la mirada trágica /  |c Fernando Avendaño ... y Otros 
260 |a Buenos Aires :  |b Santillana,  |c 2015 
300 |a 208 p. 
490 0 |a Saberes clave 
505 0 |a Relatos de orígenes -- Héroes que son un mito -- Tiempo de leyendas -- De caballeros heroicos -- El gaucho ¿héroe o antihéroe? -- Épica y visión romántica en Esteban Echeverría -- La mirada trágica narrativa -- La mirada trágica en la poesía -- La mirada trágica en García Lorca -- Los textos expositivos -- Los paratextos -- Los textos expositivos argumentativos -- Los textos de opinión -- El informe académico 
653 |a Literatura 
653 |a Texto escolar 
653 |a Mito 
653 |a Leyenda 
653 |a Tragedia 
653 |a Epica 
653 |a Gauchesca 
859 |a CEMS  |b BIB. CEMS - 11 de abril  |h 468  |i Av35  |p 27223.15  |t Ej.1  |v 4  |3 4 
859 |a CEMS  |b BIB. CEMS - 11 de abril  |h 468  |i Av35  |p 27224.15  |t Ej.2  |v 4  |3 4 
859 |a CEMS  |b BIB. CEMS - 11 de abril  |h 468  |i Av35  |p 27225.15  |t Ej.3  |v 4  |3 4 
859 |a CEMS  |b BIB. CEMS - 11 de abril  |h 468  |i Av35  |p 27822.19  |t Ej.5  |v 4  |3 4 
859 |a CEMS  |b BIB. CEMS - 11 de abril  |h 468  |i Av35  |p 27823.19  |t Ej.4  |v 4  |3 4